Rozrachunek z życiem doczesnym
| Titel: | Rozrachunek z życiem doczesnym : gdańskie testamenty mieszczeńskie z XV i pocza̜tku XVI wieku / Beata Możejko |
|---|---|
| Verfasser: | |
| Veröffentlicht: | Gdańsk : Wydawn. Uniw. Gdańskiego, 2010 |
| Umfang: | 209 Seiten : Diagramme |
| Format: | Buch |
| Sprache: | Polnisch |
| ISBN: | 9788373267381 |
| Hinweise zum Inhalt: |
Inhaltsverzeichnis
|
alg: 22645059 001A $03004:30-08-10 001B $01999:03-06-23 $t05:06:37.000 001D $03004:06-10-10 001U $0utf8 001X $00 002@ $0Aau 002C $aText $btxt $2rdacontent 002D $aohne Hilfsmittel zu benutzen $bn $2rdamedia 002E $aBand $bnc $2rdacarrier 003@ $0226450597 004A $A978-83-7326-738-1 006G $01009514385 006U $011,A17 $f20110113 007A $0226450597 $aHEB 007G $0DE02025623E5B1CF85778C12578CE004ECDD0 007T $0Herdhh226450597 009P $qapplication/pdf $A2 $3Inhaltsverzeichnis $uhttp://scans.hebis.de/HEBCGI/show.pl?22645059_toc.pdf $mV:DE-603;B:DE-Mb50 010@ $apol 011@ $a2010 021A $aRozrachunek z życiem doczesnym $dgdańskie testamenty mieszczeńskie z XV i pocza̜tku XVI wieku $hBeata Możejko 028A $BVerfasser $#Możejko-Chimiak, Beata $4aut $71130728536 $8Możejko, Beata$Z20./21. Jh. [Tp3] $9402582187 033A $pGdańsk $nWydawn. Uniw. Gdańskiego 034D $a209 Seiten 034M $aDiagramme 037A $aLiteraturverzeichnis Seite [178]-191 044K $qDNB $#Danzig $#Ville Libre de Danzig $#Dantzig $#Ville Libre de Dantzig $#Freistaat Danzig $#Gdańsk $#Freie Stadt Danzig $#Urząd Miejski w Gdańsku $#Gyddanzyc $#Gedanum $#Dantiscum $74011039-4 $8Danzig [Tg1] $9085022225 044K $qDNB $RVerfügung von Todes wegen $RWaṣīya $#Testament $#Letztwillige Verfügung $#Einseitige letztwillige Verfügung $#Testamentsrecht $74059555-9 $8Testament [Ts1] $9085165700 045E $c340 $c940 045F $a346.4382205409031 $eDDC22ger 045F/01 $a346.054 045F/03 $f09031 045F/03 $g43822 045G $a900.943820902 $eDDC23BSB 045G/01 $a900 045G/03 $f0902 045G/03 $f0903 045G/03 $g4382 045H $a340.09 $eDDC23BSB 045H/01 $a340.09 045H/03 $f0903 045H/03 $f09041 045H/03 $g4382 045R $aGeschichte 1466-1530 046L $aZusammenfassung in deutscher Sprache lok: 22645059 24 101B $006-10-10 $t11:27:58.000 101C $006-10-10 101U $0utf8 145Z/01 $a7 5 C 145Z/02 $a7 12 O 145Z/03 $a7 7 E 145Z/04 $a7 12 F exp: 22645059 24 1 #EPN 201B/01 $006-10-10 $t10:20:06.000 201C/01 $030-08-10 201U/01 $0utf8 203@/01 $0598027599 208@/01 $a06-10-10 $bz 209A/01 $a10.5378 $du $f050 $h10 5378 $x00 209C/01 $a10.5378 K $h10 5378 K 209G/01 $a72675100 $x00 220C/01 $anie 247C/01 $8358050-7Marburg, Bibliothek des Herder-Instituts Marburg $9102600961 lok: 22645059 78 exp: 22645059 78 1 #EPN 201B/01 $019-04-17 $t21:52:41.000 201U/01 $0utf8 203@/01 $0794546617 208@/01 $a12-11-16 $be 209A/01 $a/ $f000 $x00 237A/01 $aweiterführende Signatur(en): Herder-Institut: 10.5378 244Z/01 $2Trx $#Prusy Wschodnie i Zachodnie $8--Trx--Ost- und Westpreußen $x01 $939113373X 244Z/01 $2Trx $8--Trx--Monographie $x02 $9391384546 245Z/01 $a03.02 $x01 247C/01 $82080>Marburg/Lahn, Herder-Institut, Forschungsbibliothek, Bibliographieportal $9336309341
| LEADER | 00000cam a2200000 c 4500 | ||
|---|---|---|---|
| 001 | 226450597 | ||
| 003 | DE-603 | ||
| 005 | 20230603050637.0 | ||
| 007 | tu | ||
| 008 | 100830s2010 xx |||| | u00||u|pol | ||
| 015 | |a 11,A17 |2 dnb | ||
| 016 | 7 | |2 DE-101 |a 1009514385 | |
| 020 | |a 9788373267381 | ||
| 035 | |a (DE-599)HEB226450597 | ||
| 040 | |a DE-603 |b ger |c DE-603 |d DE-603 | ||
| 041 | |a pol | ||
| 082 | 0 | 4 | |8 1\u |a 346.4382205409031 |q DE-101 |2 22/ger |
| 083 | 0 | |8 2\u |a 900.943820902 |q DE-101 |2 23/BSB | |
| 083 | 0 | |8 3\u |a 340.09 |q DE-101 |2 23/BSB | |
| 084 | |a 340 |a 940 |q DE-101 |2 sdnb | ||
| 085 | |8 1\u |b 346.054 | ||
| 085 | |8 1\u |z 1 |s 09031 | ||
| 085 | |8 1\u |z 2 |s 43822 | ||
| 085 | |8 2\u |b 900 | ||
| 085 | |8 2\u |z 1 |s 0902 | ||
| 085 | |8 2\u |z 1 |s 0903 | ||
| 085 | |8 2\u |z 2 |s 4382 | ||
| 085 | |8 3\u |b 340.09 | ||
| 085 | |8 3\u |z 1 |s 0903 | ||
| 085 | |8 3\u |z 1 |s 09041 | ||
| 085 | |8 3\u |z 2 |s 4382 | ||
| 100 | 1 | |a Możejko, Beata |d 20./21. Jh. |e Verfasser |4 aut |0 (DE-603)402582187 |0 (DE-588)1130728536 |2 gnd | |
| 245 | 0 | 0 | |a Rozrachunek z życiem doczesnym |b gdańskie testamenty mieszczeńskie z XV i pocza̜tku XVI wieku |c Beata Możejko |
| 264 | 1 | |a Gdańsk |b Wydawn. Uniw. Gdańskiego |c 2010 | |
| 300 | |a 209 Seiten |b Diagramme | ||
| 336 | |a Text |b txt |2 rdacontent | ||
| 337 | |a ohne Hilfsmittel zu benutzen |b n |2 rdamedia | ||
| 338 | |a Band |b nc |2 rdacarrier | ||
| 500 | |a Literaturverzeichnis Seite [178]-191 | ||
| 546 | |a Zusammenfassung in deutscher Sprache | ||
| 648 | 7 | |a Geschichte 1466-1530 |2 gnd | |
| 650 | 7 | |a Testament |0 (DE-588)4059555-9 |0 (DE-603)085165700 |2 gnd | |
| 651 | 7 | |a Danzig |0 (DE-588)4011039-4 |0 (DE-603)085022225 |2 gnd | |
| 856 | 4 | 2 | |m V:DE-603;B:DE-Mb50 |q application/pdf |u http://scans.hebis.de/HEBCGI/show.pl?22645059_toc.pdf |3 Inhaltsverzeichnis |
| 924 | 0 | |9 Mb 50 |a (DE-603)598027599 |b DE-Mb50 |c HES |d c |g 10.5378 | |
| 924 | 0 | |9 2080 |a (DE-603)794546617 |b DE-2080 |c HES |d d |g / | |


